| 000 | 00933nab a2200289 4500 | ||
|---|---|---|---|
| 003 | BR-BrBNA | ||
| 005 | 20240815095017.0 | ||
| 008 | 240811b bl.||||| |||| 00| 0 por d | ||
| 040 |
_aBR-BrBNA _bpor |
||
| 072 |
_aF01 ; E70 ; E71 _b3300 |
||
| 100 | _aPortz, Neca | ||
| 245 | _aTocantins quer conquistar mercado de flores tropicais | ||
| 500 | _a13 illus. | ||
| 650 | _aFLORICULTURA | ||
| 650 | _aPLANTA ORNAMENTAL | ||
| 650 | _aFLOR TROPICAL | ||
| 650 | _aASSOCIAÇÃO RURAL | ||
| 650 | _aJARDINAGEM | ||
| 650 | _aPAISAGISMO | ||
| 650 | _aMERCADO PRODUTOR | ||
| 650 | _aCOMERCIALIZAÇÃO | ||
| 650 | _aEXPORTAÇÃO | ||
| 650 | _aTOCANTINS | ||
| 773 | 0 |
_04604 _9317181 _dPalmas - Tocantins Terranova Gráfica e Editora Jornalística Ltda 2005 _o2024-3805 _tCerrado Rural Agronegócios (Brazil) _x1980-2595 _gv. 3(10) p. 12-21; (Sep 2005) _wBR2024002412 |
|
| 942 | _cAnalítica | ||
| 999 |
_c300827 _d300827 |
||